| 000 | 00000nam##2200000za#4500 |
| 001 | 9.625573 |
| 003 | CaOODSP |
| 005 | 20200327183540 |
| 007 | ta |
| 008 | 150406|2000||||xxc||||| f|0| 0 fre|d |
| 020 | |a0-662-85561-2 |
| 022 | |a1484-2815 |
| 040 | |aCaOODSP|bfre |
| 043 | |an-cn--- |
| 086 | 1 |aFo29-47/23-2000F |
| 110 | 1 |aCanada.|bRessources naturelles Canada. |bService canadien des forêts. |
| 245 | 13|aLe recours à l'échantillonnage linéaire pour prédire les populations du dendroctone de l'épinette dans les résidus de coupe |
| 260 | |aVictoria - Colombie Britannique : |bRessources naturelles Canada. |c2000. |
| 300 | |a4p. : |bill., références ; |c28 cm. |
| 490 | 1 |aNotes de transfert technologique|x1484-2815|vN° 23, novembre 2000 |
| 500 | |aN.B.: Le numéro ISBN (0-662-29053-4) imprimé dans cette publication est incorrect. |
| 563 | |aDépliant |
| 590 | |a01-08|b2001-02-23 |
| 691 | 07|aInsecte|2gcpds |
| 691 | 07|aArbre|2gcpds |
| 720 | 1 |aSafranyik, L. |
| 720 | 1 |aLinton, D. A. |
| 775 | 08|tUsing line intersect sampling to predict spruce beetle populations in logging residue|w(CaOODSP)9.615224 |
| 776 | 0#|tLe recours à l'échantillonnage linéaire pour prédire les populations du dendroctone de l'épinette dans les résidus de coupe|w(CaOODSP)9.602734 |
| 830 | #0|aNotes de transfert technologique,|x1484-2815|vN° 23, novembre 2000|w(CaOODSP)9.513024 |